Premios Facultad de Derecho UNR (Registro nro. 184724)
[ vista simple ]
| 000 -ENCABEZADO | |
|---|---|
| Número de control [NR] | 01017 a2200229 4500 |
| 005 - FECHA Y HORA DE LA ÚLTIMA TRANSACCIÓN | |
| control field | 20140903175030.0 |
| 008 - DE LONGITUD FIJA DE DATOS DE ELEMENTOS - INFORMACIÓN GENERAL | |
| Elementos de longitud fija [NR] | 140128s2012 ag frn 000 0 spa d |
| 040 ## - FUENTE DE CATALOGACION [NR] | |
| Agencia de catalogación original [NR] | CO-BoUCM |
| Idioma de catalogación [NR] | spa |
| Quien Cataloga | |
| Quien Clasifica | |
| 041 ## - CODIGO DE IDIOMA [R] | |
| Código de idioma para texto/pista de sonido o título separado [R] | Español |
| 245 ## - MENCION DE TITULO [NR] | |
| Título [NR] | Premios Facultad de Derecho UNR |
| Parte restante del título [NR] | ensayos sobre los juicios a las juntas militares, La guerra de las Malvinas |
| Mención de responsabilidad, etc. [NR] | Natalia Micaela Rodríguez [y otros autores.] |
| 260 ## - PUBLICACION, DISTRIBUCION, ETC. (PIE DE IMPRENTA) [R] | |
| Lugar de publicación, distribución, etc. [R] | Santa fe (Argentina) |
| Nombre del editor, distribuidor, etc. [R] | Universidad Nacional de Rosario |
| Fecha de publicación, distribución, etc. [R] | 2012 |
| 300 ## - DESCRIPCION FISICA [R] | |
| Extensión [R] | 260 páginas |
| 500 ## - NOTA GENERAL [R] | |
| Nota general [NR] | Trabajos premiados de alumnos de la Facultad de Derecho de la Universidad Nacional de Rosario |
| 650 #4 - ASIENTO SECUNDARIO DE MATERIA - TERMINO TEMATICO [R] | |
| 9 (RLIN) | 16601 |
| Término temático o nombre geográfico como elemento de entrada [NR] | Guerra de las Islas Malvinas, 1982 |
| 650 #4 - ASIENTO SECUNDARIO DE MATERIA - TERMINO TEMATICO [R] | |
| Término temático o nombre geográfico como elemento de entrada [NR] | Juicio a los militares |
| Subdivisión geográfica [R] | Argentina |
| 9 (RLIN) | 54560 |
| 650 #7 - ASIENTO SECUNDARIO DE MATERIA - TERMINO TEMATICO [R] | |
| 9 (RLIN) | 7499 |
| Término temático o nombre geográfico como elemento de entrada [NR] | Derechos humanos |
| Subdivisión geográfica [R] | Argentina |
| 651 #4 - ASIENTO SECUNDARIO DE MATERIA - NOMBRE GEOGRAFICO [R] | |
| Nombre geográfico [NR] | Argentina |
| Subdivisión general [R] | Política y gobierno |
| 9 (RLIN) | 54561 |
| 690 ## - ASUNTO AGREGADO LOCAL DE ENTRADA - TÉRMINO TEMÁTICO (OCLC, RLIN) | |
| 9 (RLIN) | 42754 |
| Acceso temático local | Ciencia política |
| 700 ## - ASIENTO SECUNDARIO - NOMBRE PERSONAL [R] | |
| Nombre personal [NR] | Rodriguéz, Natalia Micaela |
| 9 (RLIN) | 54458 |
| 942 ## - ELEMENTOS DE ENTRADA AGREGADOS (KOHA) | |
| Tipo de ítem principal el descrito en 300a | Libro |
| Tema principal | Ciencia política |
| Edición | 1 |
| Parte restante de la signatura top. | P925 |
| Sistema de clasificación | DEWEY |
| Clasificación | 320.982 |
| Fecha de último préstamo | Total préstamos | Total Renewals | Signatura topográfica | Código de barras | Última vez visto | Ejemplar | Costo de reposición | Price effective from | Tipo de ítem | Perdido | Sistema de clasificación | Dañado | No prestable | Tipo de ítem específico | Suprimido | Ubicación habitual | Ubicación actual | Localización | Fecha de creación | Proveedor | Forma de adquisición | Costo |
|---|---|---|---|---|---|---|---|---|---|---|---|---|---|---|---|---|---|---|---|---|---|---|
| 18/11/2014 | 2 | 2 | 320.982 P925 | 100138786 | 05/06/2024 | Ej.2 | 26000.00 | 13/12/2013 | Libro | DEWEY | Libro | Bodega | Bodega | 3er piso | 13/12/2013 | 12 | Donación | 0.00 |